000 00371pab a2200157 454500
008 180718b2008 xxu||||| |||| 00| 0 eng d
100 _aCappelli, Peter
245 _aTalent management for the twenty-first century
260 _c2008
300 _ap.74-81.
362 _aMar
650 _aTalent
773 _aHarvard Business Review
908 _aN
909 _a77558
999 _c77558
_d77558